[Event "Michigan Class D/E"]
[Site "Grand Rapids, MI"]
[Date "1998.??.??"]
[Round "?"]
[White "Sinke, Brian"]
[Black "Kotman, Matthew"]
[Result "1/2-1/2"]
[WhiteElo "1605"]
[BlackElo "1605"]
[PlyCount "63"]
[EventDate "1998.01.??"]

1. e4 e6 2. d3 d5 3. Nd2 c5 4. Ngf3 b6 5. g3 Nc6 6. e5 Qc7 7. Qe2 Nge7 8. Nb3
Bb7 9. Bg2 O-O-O 10. Bf4 h6 11. h4 g6 12. c3 Ba6 13. Nbd2 Bg7 14. O-O g5 15.
hxg5 hxg5 16. Nxg5 Ng6 17. Qe3 Bxe5 18. Bh3 Bxf4 19. Bxe6+ Kb7 20. gxf4 Nxf4
21. Bxf7 Nh3+ 22. Nxh3 Qxf7 23. f4 Rde8 24. Qf3 Qf5 25. Ng5 Bxd3 26. Rf2 Be4
27. Ndxe4 dxe4 28. Qe3 Qg4+ 29. Rg2 Qh4 30. Kf1 Ref8 31. Nxe4 Rxf4+ 32. Nf2
1/2-1/2

[Event "U.S. Amateur North"]
[Site "Detroit, MI"]
[Date "1998.??.??"]
[Round "?"]
[White "Sims, Chris"]
[Black "Moore, Robert"]
[Result "0-1"]
[WhiteElo "1605"]
[BlackElo "1605"]
[PlyCount "64"]
[EventDate "1998.05.??"]

{5/24} 1. e4 c5 2. Nf3 d6 3. d4 cxd4 4. Nxd4 Nf6 5. Nc3 a6 6. Bc4 e6 7. f4 Be7
8. O-O O-O 9. f5 exf5 10. exf5 Nc6 11. Nde2 Ne5 12. Bb3 Nfg4 13. Qe1 Bh4 14.
Ng3 Qb6+ 15. Kh1 Bd7 16. Nd5 Qc5 17. Ne3 Rfe8 18. Qe2 b5 19. Ne4 Qc7 20. g3
Nxe3 21. Bxe3 Ng4 22. Bf4 Bc6 23. Rae1 Rxe4 24. Qxe4 Bxe4+ 25. Rxe4 Qc6 26.
gxh4 Qxe4+ 27. Kg1 Re8 28. a3 Qd4+ 29. Kg2 Re4 30. Kg3 d5 31. h3 Rxf4 32. Rxf4
Qg1+ 0-1

[Event "U.S. Amateur North"]
[Site "Detroit, MI"]
[Date "1998.??.??"]
[Round "?"]
[White "Sims, Chris"]
[Black "Bohland, Jonathon"]
[Result "0-1"]
[WhiteElo "1605"]
[BlackElo "1605"]
[PlyCount "148"]
[EventDate "1998.05.??"]

{5/23} 1. e4 c5 2. Nf3 Nc6 3. d4 cxd4 4. Nxd4 d6 5. Nc3 Nf6 6. Bc4 g6 7. Be3
Bg7 8. Qd2 Ng4 9. Bg5 O-O 10. f3 Nxd4 11. fxg4 Bxg4 12. h3 Bd7 13. O-O-O Ne6
14. Bh6 Bxh6 15. Qxh6 a6 16. h4 b5 17. Bd5 Rb8 18. h5 g5 19. Bxe6 Bxe6 20.
Qxg5+ Kh8 21. Qe3 Rg8 22. h6 Rc8 23. Nd5 Bxd5 24. Rxd5 Qc7 25. Rd2 Qc5 26. Qf4
f6 27. Rh5 Qc6 28. Rhd5 Rg6 29. Qe3 Kg8 30. Qb3 Qc4 31. Qxc4 Rxc4 32. R5d4 Rxd4
33. Rxd4 Rxg2 34. c4 bxc4 35. Rxc4 Rh2 36. Rc6 Rxh6 37. Rxa6 Rh1+ 38. Kd2 h5
39. Ra7 h4 40. b4 Rh2+ 41. Ke1 Rb2 42. Ra4 h3 43. Ra3 h2 44. Rh3 h1=Q+ 45. Rxh1
Rb1+ 46. Kf2 Rxh1 47. a4 Rh4 48. Ke3 Rh3+ 49. Kd4 e5+ 50. Kd5 Rc3 51. Kxd6 Rc4
52. b5 Rxa4 53. b6 Ra6 54. Kc7 Rxb6 55. Kxb6 f5 56. exf5 e4 57. Kc5 e3 58. Kd4
e2 59. Ke5 e1=Q+ 60. Kf6 Kf8 61. Kg6 Qe7 62. f6 Qf7+ 63. Kf5 Ke8 64. Ke5 Kd7
65. Kf5 Kd6 66. Kf4 Qxf6+ 67. Ke3 Qh4 68. Kd3 Qf4 69. Kc3 Qe4 70. Kb3 Qd4 71.
Ka3 Qb6 72. Ka4 Kc5 73. Ka3 Qb1 74. Ka4 Qb4# 0-1

[Event "Michigan Women's"]
[Site "Ann Arbor, MI"]
[Date "1998.??.??"]
[Round "?"]
[White "Shettlewood, Jeni"]
[Black "Zarzycki, Amanda"]
[Result "0-1"]
[WhiteElo "1605"]
[BlackElo "1605"]
[PlyCount "36"]
[EventDate "1998.12.??"]

1. e4 e5 2. Nf3 Nc6 3. Bc4 Nf6 4. Nc3 Bc5 5. d3 Ng4 6. d4 exd4 7. Nxd4 Bxd4 8.
Qxg4 d5 9. Bb3 Bxg4 10. Nxd5 O-O 11. c3 Bc5 12. O-O Qd6 13. Re1 Qg6 14. Be3 Bh3
15. Nf4 Qxe4 16. f3 Bxe3+ 17. Kh1 Qxf4 18. gxh3 Qxf3# 0-1

[Event "Michigan Women's"]
[Site "Ann Arbor, MI"]
[Date "1998.??.??"]
[Round "?"]
[White "Shettlewood, Jeni"]
[Black "Skidmore, Jennifer"]
[Result "0-1"]
[WhiteElo "1605"]
[BlackElo "1880"]
[PlyCount "42"]
[EventDate "1998.12.??"]

1. e4 e5 2. Nf3 d6 3. Bc4 Be7 4. O-O Nf6 5. d3 Bg4 6. Nc3 c6 7. a3 O-O 8. b4
Nbd7 9. h3 Bh5 10. Re1 Nb6 11. Be3 Nxc4 12. dxc4 Qc7 13. Qd2 Bxf3 14. gxf3 Nh5
15. b5 f5 16. Na4 f4 17. b6 Qd7 18. Qa5 fxe3 19. Rxe3 Qxh3 20. bxa7 Nf4 21. Qe1
Qg2# 0-1

[Event "Kalamazoo Mini-Swiss.1"]
[Site "Kalamazoo, MI"]
[Date "1998.??.??"]
[Round "?"]
[White "Sheridan, Gregory"]
[Black "McGrew, Tim"]
[Result "0-1"]
[WhiteElo "1880"]
[BlackElo "2120"]
[PlyCount "28"]
[EventDate "1998.??.??"]

1. d4 d5 2. c4 Nc6 3. e3 e5 4. dxe5 d4 5. exd4 Qxd4 6. Qxd4 Nxd4 7. Bd3 Bg4 8.
f3 Bh5 9. Ne2 O-O-O 10. b3 Nxf3+ 11. gxf3 Rxd3 12. Nf4 Bb4+ 13. Kf2 Bc5+ 14.
Kf1 Rd1+ 0-1

[Event "Michigan Senior"]
[Site "Ann Arbor, MI"]
[Date "1998.??.??"]
[Round "?"]
[White "Sheridan, Gregory"]
[Black "Jointer, William"]
[Result "1-0"]
[WhiteElo "1880"]
[BlackElo "1605"]
[PlyCount "59"]
[EventDate "1998.06.??"]

{6/13} 1. e4 c5 2. d4 cxd4 3. c3 dxc3 4. Nxc3 Nc6 5. Nf3 g6 6. Bc4 Bg7 7. O-O
Nf6 8. e5 Ng4 9. Bxf7+ Kxf7 10. Ng5+ Ke8 11. Qxg4 Nxe5 12. Qe4 e6 13. f4 d5 14.
Qc2 Ng4 15. h3 h6 16. Qxg6+ Kd7 17. Qxg7+ Kc6 18. Nf7 Qb6+ 19. Kh1 Qa6 20. Rf3
Re8 21. hxg4 Re7 22. Be3 b6 23. Qf6 Rxf7 24. Qxf7 Bd7 25. Rc1 Rd8 26. Qf6 Rc8
27. Nxd5+ Kb7 28. Rxc8 Bxc8 29. Qe7+ Kc6 30. Nb4+ 1-0

[Event "Michigan Amateur"]
[Site "Kalamazoo "]
[Date "1998.??.??"]
[Round "?"]
[White "Shelton, Harold"]
[Black "McCarter, Robert"]
[Result "0-1"]
[WhiteElo "1605"]
[BlackElo "1605"]
[PlyCount "114"]
[EventDate "1998.07.??"]

{7/19} 1. e4 c5 2. Nf3 d6 3. Nc3 Nc6 4. Bb5 Bd7 5. O-O g6 6. d3 Bg7 7. Bd2 a6
8. Ba4 b5 9. Bb3 e6 10. Re1 b4 11. Na4 Na5 12. c3 Nxb3 13. Qxb3 a5 14. e5 Bc6
15. Ng5 Bd5 16. c4 Bc6 17. Bf4 dxe5 18. Be3 Ne7 19. Nxc5 O-O 20. Ngxe6 Qd7 21.
Nxf8 Rxf8 22. Ne4 Rd8 23. Rad1 Ba4 24. Nc5 Bxb3 25. Nxd7 Bxd1 26. Nb6 Rxd3 27.
g3 Bf3 28. Rc1 Nc6 29. b3 Nd4 30. Kf1 Rd1+ 31. Rxd1 Bxd1 32. c5 Bf8 33. Bxd4
exd4 34. c6 Bd6 35. Ke1 Bf3 36. Kd2 Bxc6 37. Kd3 Bc5 38. Na4 Bxa4 39. bxa4 f5
40. f3 Kf7 41. h3 Ke6 42. h4 Kd5 43. g4 fxg4 44. fxg4 h5 45. gxh5 gxh5 46. Kd2
Kc4 47. Kc2 d3+ 48. Kd2 Bf2 49. Kd1 Kc3 50. Kc1 Bxh4 51. Kd1 Bg5 52. Ke1 Kc2
53. Kf2 d2 54. Kg3 d1=Q 55. Kh3 Qf3+ 56. Kh2 h4 57. Kg1 h3 0-1

[Event "Michigan Amateur"]
[Site "Kalamazoo "]
[Date "1998.??.??"]
[Round "?"]
[White "Sheldon, H."]
[Black "Dorrington, Eldon"]
[Result "0-1"]
[WhiteElo "1605"]
[BlackElo "1675"]
[PlyCount "65"]
[EventDate "1998.07.??"]

{7/18} 1. e4 d5 2. exd5 Nf6 3. c4 e5 4. dxe6 Bxe6 5. Nf3 Nc6 6. d4 Bg4 7. Be3
Bb4+ 8. Nc3 Ne4 9. Qd3 Bxf3 10. gxf3 Nf6 11. a3 Be7 12. Rd1 O-O 13. Rg1 Re8 14.
Be2 Qd7 15. Rg3 Rad8 16. b4 Nh5 17. Rg4 f5 18. Rg1 f4 19. b5 fxe3 20. bxc6
exf2+ 21. Kxf2 Bh4+ 22. Kg2 bxc6 23. Kh1 Qh3 24. Bf1 Qe6 25. Rg4 Bf6 26. Bh3
Qe3 27. Qxe3 Rxe3 28. Ne4 Rxf3 29. Kg2 Rxa3 30. Rf1 Kh8 31. Nc5 Rxd4 32. Rxd4
Kg8 33. Rdd1 $138 0-1

[Event "Lansing Mini-Swiss.1"]
[Site "Lansing, MI"]
[Date "1998.??.??"]
[Round "?"]
[White "Settle, R."]
[Black "Triplett, Thomas"]
[Result "1-0"]
[WhiteElo "1745"]
[BlackElo "1925"]
[PlyCount "105"]
[EventDate "1998.??.??"]

1. e4 c5 2. f4 d6 3. Nf3 g6 4. Bb5+ Bd7 5. Qe2 Bg7 6. e5 Bxb5 7. Qxb5+ Qd7 8.
Qxd7+ Nxd7 9. exd6 exd6 10. O-O f5 11. Nc3 Bxc3 12. bxc3 h6 13. Re1+ Kf7 14.
Bb2 Ngf6 15. c4 Rhe8 16. Kf1 Re4 17. Rxe4 fxe4 18. Ne1 Re8 19. d3 exd3 20. cxd3
Ng4 21. h3 Ne3+ 22. Kf2 Nf5 23. Nf3 Nf8 24. g4 Ng7 25. Re1 Nfe6 26. Kg3 Nd8 27.
Bxg7 Rxe1 28. Nxe1 Kxg7 29. Kf3 Nc6 30. Ke4 Ne7 31. Nc2 Kf6 32. Ne3 Ke6 33. f5+
Kf7 34. a3 a6 35. fxg6+ Kxg6 36. h4 b5 37. Nc2 Kf6 38. cxb5 axb5 39. d4 d5+ 40.
Kf4 Ng6+ 41. Kg3 c4 42. Ne3 Ke6 43. Nd1 Ne7 44. Nc3 b4 45. axb4 Nc6 46. b5 Nxd4
47. Kf4 Nb3 48. b6 Nc5 49. Kg3 Kd6 50. g5 hxg5 51. hxg5 Kc6 52. g6 Kxb6 53. g7
1-0

[Event "Lansing Mini-Swiss.1"]
[Site "Lansing, MI"]
[Date "1998.??.??"]
[Round "?"]
[White "Settle, R."]
[Black "June, Brian"]
[Result "1-0"]
[WhiteElo "1745"]
[BlackElo "1800"]
[PlyCount "35"]
[EventDate "1998.??.??"]

1. e4 c5 2. f4 d6 3. Nf3 Nc6 4. Nc3 e6 5. Bc4 Be7 6. e5 dxe5 7. fxe5 Nh6 8. O-O
Nf5 9. a3 a6 10. Bd3 Nfd4 11. Be4 Qc7 12. Bxc6+ Qxc6 13. d3 b6 14. Nxd4 cxd4
15. Ne4 O-O 16. Qg4 f5 17. exf6 e5 18. Qxg7# 1-0

[Event "Lansing Action Quads"]
[Site "Lansing, MI"]
[Date "1998.??.??"]
[Round "?"]
[White "Settle, R."]
[Black "Carl, Kevin"]
[Result "0-1"]
[WhiteElo "1745"]
[BlackElo "1705"]
[PlyCount "39"]
[EventDate "1998.??.??"]

1. e4 c5 2. f4 d5 3. exd5 Nf6 4. c4 e6 5. dxe6 Bxe6 6. Nf3 Nc6 7. Nc3 Bd6 8. d4
cxd4 9. Nxd4 Nxd4 10. Qxd4 Qe7 11. Be3 Ng4 12. O-O-O Nxe3 13. Qxe3 Bc5 14. Qe4
O-O 15. Bd3 g6 16. h3 Rfd8 17. Qe2 Rd4 18. Qf3 Rad8 19. Rhe1 Qc7 20. Re4 {
[Remainder unavailable]} 0-1

[Event "Lansing Action Quads"]
[Site "Lansing, MI"]
[Date "1998.??.??"]
[Round "?"]
[White "Settle, R."]
[Black "Asbury, Victor"]
[Result "1-0"]
[WhiteElo "1745"]
[BlackElo "1605"]
[PlyCount "58"]
[EventDate "1998.??.??"]

1. e4 c5 2. f4 Nc6 3. Nc3 g6 4. Nf3 Bg7 5. Bc4 Nf6 6. e5 Ng4 7. Ng5 Nh6 8. Nce4
O-O 9. O-O d5 10. exd6 exd6 11. Bd5 Bg4 12. Nf3 Nd4 13. Nc3 Qd7 14. b3 Bxf3 15.
Bxf3 Nxf3+ 16. Qxf3 Nf5 17. Bb2 Nd4 18. Qd3 Rae8 19. Rae1 Re6 20. Re3 Rfe8 21.
Rfe1 Rxe3 22. dxe3 Nf5 23. Na4 Bxb2 24. Nxb2 Qc6 25. e4 Nd4 26. c3 Ne6 27. g3
Nc7 28. Nc4 d5 29. Ne3 dxe4 {[Remainder unavailable]} 1-0

[Event "U.S. Amateur North"]
[Site "Detroit, MI"]
[Date "1998.??.??"]
[Round "?"]
[White "Seppala, Travis"]
[Black "Ryan, Mark"]
[Result "0-1"]
[WhiteElo "1605"]
[BlackElo "1605"]
[PlyCount "56"]
[EventDate "1998.05.??"]

{5/23} 1. e4 c5 2. Nf3 e6 3. Nc3 Nc6 4. d4 cxd4 5. Nxd4 Nf6 6. Bb5 Be7 7. e5
Nxe5 8. O-O O-O 9. Bg5 a6 10. Bxf6 Bxf6 11. Bd3 b5 12. Ne4 Be7 13. Qh5 Nxd3 14.
cxd3 d5 15. Ng3 Bb7 16. Qe5 Bf6 17. Qe3 g6 18. Nge2 Rc8 19. Nf3 Qe7 20. d4 Rfd8
21. Nf4 Rc4 22. Nh3 Kg7 23. Nhg5 h6 24. Ne5 Bxe5 25. Qxe5+ Qf6 26. Qxf6+ Kxf6
27. Nf3 Rc2 28. b3 Kg7 {[Remainder illegible]} 0-1

[Event "U.S. Amateur North"]
[Site "Detroit, MI"]
[Date "1998.??.??"]
[Round "?"]
[White "Seppala, Travis"]
[Black "Perry, Marc"]
[Result "0-1"]
[WhiteElo "1605"]
[BlackElo "1605"]
[PlyCount "52"]
[EventDate "1998.05.??"]

{5/24} 1. e4 e5 2. Nf3 d6 3. Nc3 Bg4 4. Bc4 Nf6 5. d3 Be7 6. O-O Bxf3 7. Qxf3
O-O 8. Qg3 Nh5 9. Qg4 g6 10. Qf3 Nc6 11. Bh6 Nd4 12. Qe3 Nxc2 13. Qf3 Nxa1 14.
Bxf8 Bxf8 15. Qxf7+ Kh8 16. Rxa1 Bh6 17. Nd1 Nf4 18. Ne3 Qh4 19. g3 Ne2+ 20.
Kf1 Qh5 21. d4 Rf8 22. Qxc7 Nxg3+ 23. Kg2 Qf3+ 24. Kh3 Nf1+ 25. Kh4 Rf4+ 26.
Ng4 Qxg4# 0-1

[Event "U.S. Amateur North"]
[Site "Detroit, MI"]
[Date "1998.??.??"]
[Round "?"]
[White "Seppala, Travis"]
[Black "Lopez, J."]
[Result "0-1"]
[WhiteElo "1605"]
[BlackElo "1605"]
[PlyCount "60"]
[EventDate "1998.05.??"]

{5/24} 1. e4 c5 2. Nf3 Nc6 3. d4 cxd4 4. Nxd4 Ne5 5. Bf4 Ng6 6. Bg3 e5 7. Nf3
Bb4+ 8. c3 Bd6 9. Qxd6 N8e7 10. Nxe5 Nxe5 11. Bxe5 O-O 12. Bd4 Ng6 13. Qg3 Re8
14. Bd3 d5 15. e5 f6 16. Bxg6 hxg6 17. Qxg6 fxe5 18. Be3 Qf6 19. Qxe8+ Kh7 20.
Qh5+ Kg8 21. Bg5 Qf5 22. O-O Qc2 23. Qe8+ Kh7 24. Qxe5 Qg6 25. Qxd5 Be6 26.
Qxb7 Rf8 27. Qe7 Rf5 28. Re1 Rxg5 29. Rxe6 Rxg2+ 30. Kh1 Rg1# 0-1

[Event "Michigan Amateur"]
[Site "Kalamazoo "]
[Date "1998.??.??"]
[Round "?"]
[White "Semerciyan, Mike"]
[Black "Treacy, Joe"]
[Result "1-0"]
[WhiteElo "1870"]
[BlackElo "1660"]
[PlyCount "97"]
[EventDate "1998.07.??"]

{7/18} 1. Nf3 Nf6 2. g3 g6 3. Bg2 Bg7 4. O-O O-O 5. d4 d6 6. c4 c5 7. d5 b5 8.
cxb5 a6 9. bxa6 Bxa6 10. Nc3 Nbd7 11. Re1 Qb6 12. Qc2 Rfb8 13. e4 Qc7 14. Rb1
Ng4 15. h3 Nge5 16. Nxe5 Nxe5 17. Rd1 Qb6 18. Bf4 Bc4 19. b3 Ba6 20. Bxe5 Bxe5
21. Na4 Qb4 22. f4 Bd4+ 23. Kh2 Bb5 24. Bf1 Bxa4 25. bxa4 Qa5 26. Rxb8+ Rxb8
27. Bb5 Rxb5 28. axb5 Qxb5 29. Rb1 Qa6 30. a4 Qa5 31. Kg2 Kg7 32. Kf1 Qa6+ 33.
Rb5 h5 34. h4 Kf6 35. Kg2 Kg7 36. Qc4 Kf6 37. Rxc5 Qxc4 38. Rxc4 Bb6 39. Rc6
Bd4 40. Kf3 Kg7 41. a5 Kf8 42. Rc8+ Kg7 43. Re8 Kf6 44. a6 e6 45. dxe6 fxe6 46.
Rb8 Bc5 47. Rb7 d5 48. e5+ Kf5 49. Rf7# 1-0

[Event "Kalamazoo Mini-Swiss.1"]
[Site "Kalamazoo, MI"]
[Date "1998.??.??"]
[Round "?"]
[White "Semerciyan, Mike"]
[Black "Sellers, Matt"]
[Result "1-0"]
[WhiteElo "1870"]
[BlackElo "2005"]
[PlyCount "45"]
[EventDate "1998.??.??"]

1. Nf3 Nf6 2. d4 e6 3. Bg5 Be7 4. c4 b6 5. Nc3 Bb7 6. Qc2 c5 7. Rd1 O-O 8. dxc5
bxc5 9. e4 Nc6 10. a3 Ng4 11. Bxe7 Qxe7 12. Be2 d6 13. O-O Rfd8 14. Rd2 Rab8
15. Rfd1 a6 16. h3 Nge5 17. Nxe5 Nxe5 18. Bf1 Nc6 19. Ne2 Ba8 20. Qc3 Qc7 21.
Qg3 Ne5 22. Nc3 Rb3 23. Qxe5 1-0

[Event "Kalamazoo Mini-Swiss.1"]
[Site "Kalamazoo, MI"]
[Date "1998.??.??"]
[Round "?"]
[White "Semerciyan, Mike"]
[Black "Moore, Robert"]
[Result "1-0"]
[WhiteElo "1885"]
[BlackElo "1605"]
[PlyCount "35"]
[EventDate "1998.??.??"]

1. d4 d6 2. Nf3 Nf6 3. Nc3 g6 4. e4 Bg7 5. h3 O-O 6. Be3 Nbd7 7. Qd2 e5 8.
O-O-O Re8 9. dxe5 dxe5 10. Bc4 c6 11. Ng5 Qe7 12. Bxf7+ Kh8 13. Bxe8 Qxe8 14.
g4 b6 15. Qd6 Bb7 16. Ne6 Rc8 17. Nxg7 Kxg7 18. g5 1-0

[Event "Michigan Amateur"]
[Site "Kalamazoo "]
[Date "1998.??.??"]
[Round "?"]
[White "Semerciyan, Mike"]
[Black "Mandell, Ed"]
[Result "1-0"]
[WhiteElo "1870"]
[BlackElo "1605"]
[PlyCount "57"]
[EventDate "1998.07.??"]

{7/18} 1. Nf3 Nf6 2. g3 Nc6 3. d4 d5 4. Bg2 Bg4 5. O-O e6 6. c3 Na5 7. Ne5 Bf5
8. b4 Nc4 9. Nxc4 dxc4 10. Bxb7 Rb8 11. Bc6+ Nd7 12. Qa4 Rb6 13. Nd2 Bxb4 14.
cxb4 c3 15. Nc4 Rxc6 16. Qxc6 O-O 17. Ne3 Bh3 18. Rd1 Nb6 19. Qxc3 Qa8 20. f3
c6 21. Bb2 Rc8 22. d5 f6 23. dxe6 Nd5 24. Qc5 Bxe6 25. a3 Qb7 26. Rac1 Bd7 27.
Nxd5 cxd5 28. Qxd5+ Qxd5 29. Rxc8+ 1-0

[Event "Michigan Amateur"]
[Site "Kalamazoo "]
[Date "1998.??.??"]
[Round "?"]
[White "Semerciyan, Mike"]
[Black "Dorrington, Eldon"]
[Result "1-0"]
[WhiteElo "1870"]
[BlackElo "1675"]
[PlyCount "135"]
[EventDate "1998.07.??"]

{7/19} 1. Nf3 Nf6 2. g3 g6 3. Bg2 Bg7 4. O-O d6 5. d4 O-O 6. c4 Nbd7 7. Nc3 c5
8. dxc5 Nxc5 9. Nd2 Rb8 10. Qc2 Bd7 11. Rb1 b6 12. b3 Qc8 13. Bb2 Na6 14. Rfc1
Nb4 15. Qd1 Bc6 16. Bxc6 Nxc6 17. Nd5 Qf5 18. Nxf6+ Bxf6 19. Bxf6 Qxf6 20. Nf3
Rbd8 21. Kg2 Rc8 22. Qd2 a5 23. Qe3 Rb8 24. h4 Rfc8 25. a4 Kg7 26. h5 h6 27.
hxg6 fxg6 28. Rh1 Rh8 29. Rh4 e5 30. Rd1 Ne7 31. Rhh1 g5 32. Qd3 Rbd8 33. e4
Rhf8 34. Rd2 Qe6 35. Qe3 Nc8 36. Ne1 Rf6 37. Rf1 Rdf8 38. Rh1 R8f7 39. Rh2 Rg6
40. Kf1 Kf8 41. Ke2 Ke7 42. Kd1 Qd7 43. Kc2 Qc6 44. Kb2 Kd8 45. Nd3 Rgf6 46.
Nxe5 Qe8 47. Nxf7+ Qxf7 48. Qd4 Kc7 49. e5 Re6 50. exd6+ Rxd6 51. Qe5 h5 52.
Rxd6 Nxd6 53. Qxg5 Qf3 54. c5 Qe2+ 55. Ka1 Qd1+ 56. Kb2 Qd4+ 57. Kc2 Qe4+ 58.
Kd2 bxc5 59. Qxc5+ Kd7 60. Rxh5 Ke6 61. Rh6+ Kf7 62. Qxd6 Qf5 63. Qc7+ Kg8 64.
Qd8+ Kf7 65. Rh7+ Qxh7 66. Qd7+ Kg6 67. Qxh7+ Kxh7 68. b4 1-0

[Event "Kalamazoo Mini-Swiss.1"]
[Site "Kalamazoo, MI"]
[Date "1998.??.??"]
[Round "?"]
[White "Semerciyan, Mike"]
[Black "Dorrington, Eldon"]
[Result "1-0"]
[WhiteElo "1870"]
[BlackElo "1690"]
[PlyCount "109"]
[EventDate "1998.??.??"]

1. Nf3 d5 2. c4 c6 3. cxd5 cxd5 4. d4 Nc6 5. Nc3 e6 6. e3 f5 7. Bb5 Bd7 8. O-O
Nge7 9. b3 a6 10. Be2 Ng6 11. Bb2 Bd6 12. Rc1 O-O 13. Na4 Nh4 14. g3 Nxf3+ 15.
Bxf3 Rc8 16. Nc5 Bxc5 17. Rxc5 Qf6 18. Ba3 Ne7 19. Qc2 Rfe8 20. Rc1 Nc6 21. Rc3
Na7 22. Rxc8 Rxc8 23. Qd2 Qd8 24. Bd6 Kf7 25. Rxc8 Nxc8 26. Be5 Ne7 27. h4 Nc6
28. Bd6 Be8 29. Bc5 b6 30. Ba3 Na7 31. Bb2 g5 32. hxg5 Qxg5 33. Qb4 Nc8 34. Qc3
Qd8 35. a4 Ne7 36. Kg2 Bc6 37. Ba3 Qd7 38. Qd3 b5 39. a5 Ng8 40. Qb1 Nf6 41.
Qh1 Kg8 42. Qh6 Qf7 43. Qf4 h5 44. Bd6 Ne4 45. Bxe4 fxe4 46. Qg5+ Kh7 47. Bf4
Qg6 48. Qe7+ Qg7 49. Qxe6 Qg4 50. Qxc6 Qf3+ 51. Kg1 Qd1+ 52. Kh2 Qf1 53. Qd7+
Kg6 54. Qe6+ Kh7 55. Qf7+ 1-0

[Event "Kalamazoo Mini-Swiss.1"]
[Site "Kalamazoo, MI"]
[Date "1998.??.??"]
[Round "?"]
[White "Semerciyan, Mike"]
[Black "Dorrington, Eldon"]
[Result "1-0"]
[WhiteElo "1865"]
[BlackElo "1625"]
[PlyCount "105"]
[EventDate "1998.??.??"]

1. e4 d5 2. e5 c5 3. Bb5+ Bd7 4. Bxd7+ Nxd7 5. f4 e6 6. c3 Nh6 7. Nf3 Nf5 8. d4
b5 9. O-O g6 10. Qe2 c4 11. Be3 Nxe3 12. Qxe3 Bg7 13. Na3 Rb8 14. Nc2 a5 15. a3
O-O 16. Qe1 Nb6 17. Rb1 Nc8 18. Kh1 Ne7 19. g4 Qd7 20. Ne3 Rb7 21. Rd1 Rfb8 22.
Nc2 Nc6 23. Nh4 b4 24. axb4 axb4 25. Ne3 bxc3 26. bxc3 Rb3 27. Rc1 Rb2 28. f5
g5 29. Nf3 h6 30. f6 Bf8 31. h4 Qa7 32. hxg5 hxg5 33. Nxg5 Bh6 34. Qh4 Bxg5 35.
Qxg5+ Kf8 36. Qg7+ Ke8 37. Qg8+ Kd7 38. Qxf7+ Kd8 39. Qxa7 Nxa7 40. Rc2 Rxc2
41. Nxc2 Ke8 42. Nb4 Kf7 43. Kg2 Rg8 44. Kg3 Nb5 45. Na2 Ra8 46. Rb1 Rxa2 47.
Rxb5 Ra3 48. Rb7+ Kf8 49. g5 Rxc3+ 50. Kh4 Rb3 51. Rc7 Rb4 52. g6 c3 53. Rc8#
1-0

[Event "Kalamazoo Mini-Swiss.1"]
[Site "Kalamazoo, MI"]
[Date "1998.??.??"]
[Round "?"]
[White "Semerciyan, Mike"]
[Black "Beckwith, Stan"]
[Result "1-0"]
[WhiteElo "1865"]
[BlackElo "1725"]
[PlyCount "53"]
[EventDate "1998.??.??"]

1. e4 c5 2. Nc3 d6 3. Nf3 Nf6 4. d4 cxd4 5. Nxd4 a6 6. Bd3 e5 7. Nde2 Be7 8. h3
Be6 9. f4 Qc7 10. Be3 Nbd7 11. f5 Bc4 12. O-O b5 13. Bxc4 Qxc4 14. b3 Qc6 15.
Nd5 Nxe4 16. Nxe7 Kxe7 17. c4 b4 18. Qe1 a5 19. Qh4+ Nef6 20. Ng3 Rag8 21. Rad1
Ke8 22. Rd2 Nc5 23. Rfd1 Nce4 24. Nxe4 Nxe4 25. Rd5 Nf6 26. Rxd6 Qe4 27. Rd8+
1-0

[Event "Kalamazoo Mini-Swiss.1"]
[Site "Kalamazoo, MI"]
[Date "1998.??.??"]
[Round "?"]
[White "Semerciyan, Mike"]
[Black "Anthony, James"]
[Result "1/2-1/2"]
[WhiteElo "1885"]
[BlackElo "1605"]
[PlyCount "120"]
[EventDate "1998.??.??"]

1. Nf3 d5 2. g3 Nc6 3. d4 g6 4. Bg2 Bg7 5. O-O Nf6 6. c3 Ne4 7. Bf4 e6 8. Nbd2
g5 9. Nxe4 gxf4 10. Neg5 h6 11. Nh3 fxg3 12. hxg3 Qe7 13. Nf4 h5 14. Bh1 Bf6
15. Ng2 Rg8 16. Kh2 h4 17. Nfxh4 e5 18. e3 Qe6 19. Qf3 Qh3+ 20. Kg1 Bxh4 21.
Nxh4 Qxh4 22. Qxd5 Qh5 23. Bg2 Bh3 24. Rfd1 Bxg2 25. Qxg2 O-O-O 26. d5 Ne7 27.
c4 Nf5 28. Kf1 Rh8 29. g4 Qh1+ 30. Qxh1 Rxh1+ 31. Ke2 Rxd1 32. Rxd1 Nd6 33. b3
Ne4 34. Rc1 Rd6 35. f3 Nf6 36. e4 Nh7 37. Rh1 Ng5 38. Rh5 Rg6 39. Ke3 Rg7 40.
f4 exf4+ 41. Kxf4 Nh7 42. e5 Kd7 43. Kf5 Nf8 44. Rh8 Nh7 45. Ra8 c6 46. Rxa7
cxd5 47. cxd5 Kc7 48. Ra8 Kd7 49. d6 Rg5+ 50. Kf4 Rg6 51. Rb8 Kc6 52. Rc8+ Kd7
53. Rc7+ Ke8 54. Rxb7 Re6 55. Rb8+ Kd7 56. Rh8 Rh6 57. Ra8 Rh2 58. Ra7+ Ke8 59.
b4 Rf2+ 60. Ke3 Rb2 1/2-1/2

[Event "Lansing Mini-Swiss.1"]
[Site "Lansing, MI"]
[Date "1998.??.??"]
[Round "?"]
[White "Sellers, Matt"]
[Black "June, Brian"]
[Result "1-0"]
[WhiteElo "1930"]
[BlackElo "1800"]
[PlyCount "65"]
[EventDate "1998.??.??"]

1. d4 Nf6 2. Nf3 g6 3. c4 Bg7 4. Nc3 O-O 5. e4 d6 6. Be2 Re8 7. O-O Nbd7 8. Be3
e5 9. d5 h6 10. Ne1 Nc5 11. f3 a5 12. b3 Bd7 13. a3 Nh5 14. b4 axb4 15. axb4
Rxa1 16. Qxa1 Na6 17. Nd3 Nf4 18. Qa3 Qg5 19. Bxf4 exf4 20. Rc1 Bh3 21. Bf1
Bd4+ 22. Kh1 Be3 23. Rc2 Bd7 24. c5 dxc5 25. bxc5 Qe7 26. d6 cxd6 27. cxd6 Qg5
28. Nd5 Rc8 29. Ne7+ Kh7 30. Nxc8 Bxc8 31. Rxc8 Qb5 32. Qa2 Qd7 33. Ne5 1-0

[Event "Kalamazoo Mini-Swiss.1"]
[Site "Kalamazoo, MI"]
[Date "1998.??.??"]
[Round "?"]
[White "Sellers, Matt"]
[Black "Evans Sr., Thomas"]
[Result "1-0"]
[WhiteElo "2020"]
[BlackElo "1850"]
[PlyCount "85"]
[EventDate "1998.??.??"]

1. e4 e5 2. Nf3 d6 3. d4 exd4 4. Nxd4 Nf6 5. Nc3 Be7 6. Be2 O-O 7. O-O c5 8.
Nb3 Nc6 9. Bg5 Nxe4 10. Nxe4 Bxg5 11. Nxg5 Qxg5 12. Qxd6 Bh3 13. Qg3 Qxg3 14.
fxg3 Be6 15. Nxc5 Nd4 16. Bd3 b6 17. Nxe6 Nxe6 18. c3 Rad8 19. Rad1 Nc5 20. Bc2
g6 21. Kf2 Kg7 22. Rxd8 Rxd8 23. Rd1 Rxd1 24. Bxd1 Nd3+ 25. Ke3 Nxb2 26. Bb3 b5
27. Kd4 Kf8 28. Kc5 Na4+ 29. Bxa4 bxa4 30. Kd6 Ke8 31. Kc7 Ke7 32. c4 f5 33. c5
h5 34. h4 Ke6 35. c6 Ke5 36. Kd7 f4 37. c7 fxg3 38. c8=Q Kf4 39. Kd6 g5 40.
Qc4+ Kf5 41. Qd5+ Kg6 42. Qxg5+ Kh7 43. Ke7 1-0

[Event "Kalamazoo Mini-Swiss.1"]
[Site "Kalamazoo, MI"]
[Date "1998.??.??"]
[Round "?"]
[White "Sellers, Matt"]
[Black "Evans Sr., Thomas"]
[Result "0-1"]
[WhiteElo "2005"]
[BlackElo "1900"]
[PlyCount "38"]
[EventDate "1998.??.??"]

1. d4 b6 2. e4 Bb7 3. Bd3 Nf6 4. Nd2 e6 5. Ngf3 Be7 6. O-O d6 7. c4 Nbd7 8. Qe2
e5 9. Re1 O-O 10. Nf1 exd4 11. Nxd4 Ne5 12. f3 Nxd3 13. Qxd3 Nd7 14. Be3 Bf6
15. Qc2 Nc5 16. Rad1 g6 17. Bh6 Re8 18. Ne3 Bxd4 19. Rxd4 Qh4 0-1

[Event "Lansing Mini-Swiss.1"]
[Site "Lansing, MI"]
[Date "1998.??.??"]
[Round "?"]
[White "Sellers, Matt"]
[Black "Ballicora, Miguel"]
[Result "0-1"]
[WhiteElo "1930"]
[BlackElo "2085"]
[PlyCount "80"]
[EventDate "1998.??.??"]

1. Nf3 d5 2. d4 e6 3. c4 c6 4. Nc3 Nf6 5. Bg5 dxc4 6. a4 h6 7. Bxf6 Qxf6 8. e4
Bb4 9. Bxc4 Nd7 10. e5 Qe7 11. O-O Nb6 12. Bb3 Bd7 13. Ne4 f5 14. Nd6+ Bxd6 15.
exd6 Qxd6 16. Ne5 O-O 17. Re1 Nd5 18. Qd2 Rad8 19. Rad1 Be8 20. Qe2 Rf6 21. Nd3
Bf7 22. Nc5 Qc7 23. Qf3 Kh8 24. Re5 Bg8 25. Qe2 Rd6 26. Qd2 b6 27. Nd3 Qd8 28.
Re2 Nc7 29. Nf4 c5 30. Qc1 Rxd4 31. Rxd4 Qxd4 32. Nh5 Rf8 33. Rd2 Qh4 34. Bd1
Rd8 35. Qc3 Rd4 36. Rxd4 Qxd4 37. Qc1 Bf7 38. Nf4 Nd5 39. Ne2 Qe4 40. Ng3 Qf4
0-1